| 000 | 02686nam a2200373 c 4500 | ||
|---|---|---|---|
| 001 | 53095 | ||
| 003 | ES-MaCES | ||
| 005 | 20250203133003.0 | ||
| 008 | 240228s2023 uk 000 | eng d | ||
| 020 | _a9781839768989 | ||
| 040 |
_aES-MaCES _bspa _cES-MaCES |
||
| 100 | 1 |
_aChristophers, Brett _940568 |
|
| 245 | 1 | 0 |
_aOur lives in their portfolios _b: why asset managers own the world _cBrett Christophers |
| 250 | _a1st ed | ||
| 260 |
_aLondon _aNew York _bVerso _c2023 |
||
| 300 |
_aX, 310 p. _c24 cm |
||
| 500 | _aÍndices | ||
| 520 | _aLos bancos han pasado a un segundo plano desde la crisis financiera mundial hace más de una década. Hoy, nuestros nuevos maestros financieros son los gestores de activos, como Blackstone y BlackRock. Y no sólo poseen activos financieros. Las carreteras por las que conducimos; las tuberías que abastecen nuestra agua potable; las tierras de cultivo que nos proporcionan alimentos; sistemas energéticos para electricidad y calor; hospitales, escuelas e incluso los hogares en los que muchos de nosotros vivimos, todos ellos ahora engrosan las abultadas carteras de inversión de los administradores de activos. Como propietarios de cada vez más elementos básicos de la vida cotidiana, los administradores de activos moldean las vidas de todos y cada uno de nosotros de maneras profundas e inquietantes. En esta reveladora continuación de El capitalismo rentista, Brett Christophers levanta el velo sobre la "sociedad de gestión de activos". Los administradores de activos, muestra, son diferentes a los propietarios tradicionales de viviendas y otras infraestructuras esenciales. Al comprar y vender estos activos que sustentan la vida a un ritmo vertiginoso, el quid de su modelo de negocio no es la inversión a largo plazo y una custodia cuidadosa, sino la obtención de ganancias rápidas para ellos y los inversores que los respaldan. En la sociedad de gestión de activos, los entornos naturales y construidos que nos sustentan se convierten en un vehículo más para desviar dinero de la mayoría a unos pocos. | ||
| 541 | _cCompra | ||
| 650 | 4 |
_asector financiero _930761 |
|
| 650 | 4 |
_aadministración financiera _927208 |
|
| 650 | 4 |
_adirección financiera _929241 |
|
| 650 | 4 |
_arecursos de capital _928133 |
|
| 650 | 4 |
_afomento de las inversiones _928144 |
|
| 650 | 4 |
_arentabilidad de la inversión _928153 |
|
| 650 | 4 |
_aconsecuencias económicas _927082 |
|
| 650 | 4 |
_aconsecuencias sociales _927288 |
|
| 650 | 4 |
_adistribución del ingreso _927109 |
|
| 650 | 4 |
_ariqueza _929375 |
|
| 650 | 4 |
_ateoría económica _927076 |
|
| 653 | 1 | 0 | _aFinanciación |
| 902 | _aLIB Libro | ||
| 942 |
_2CES _cBK _h0.0. |
||
| 999 |
_c53095 _d53095 |
||